This side of paradise /
Guardat en:
| Autor principal: | |
|---|---|
| Format: | Sách giấy |
| Idioma: | English |
| Publicat: |
London :
David Campbell ,
1996
|
| Etiquetes: |
Afegir etiqueta
Sense etiquetes, Sigues el primer a etiquetar aquest registre!
|
| Thư viện lưu trữ: | Thư viện Trường Đại học Đà Lạt |
|---|
| LEADER | 00550nam a2200241 4500 | ||
|---|---|---|---|
| 001 | DLU020018422 | ||
| 005 | ##9/24/2001 | ||
| 020 | # | # | |a 978- |
| 041 | # | # | |a eng |
| 082 | # | # | |a 813 |b FI-F |
| 100 | # | # | |a Fitzgerald, F. Scott |
| 245 | # | # | |a This side of paradise / |c F. Scott Fitzgerald |
| 260 | # | # | |a London : |b David Campbell , |c 1996 |
| 300 | # | # | |a XXX, 264 tr.; |c 21 cm. |
| 992 | # | # | |a 0 |
| 994 | # | # | |a DLU |
| 900 | # | # | |a False |
| 911 | # | # | |a Administrator |
| 925 | # | # | |a G |
| 926 | # | # | |a A |
| 927 | # | # | |a SH |
| 980 | # | # | |a Thư viện Trường Đại học Đà Lạt |